[Event "Bamberg op 6th"]
[Site "Bamberg"]
[Date "2024.09.06"]
[Round "4"]
[White "Donath, Frank Thomas"]
[Black "Gotfried, Elias"]
[Result "1-0"]
[WhiteElo "2007"]
[BlackElo "1917"]
[PlyCount "67"]
[EventDate "2024.09.04"]
[EventType "swiss"]
[EventRounds "7"]
[EventCountry "GER"]
[SourceTitle "EXT 2025"]
[Source "ChessBase"]
[SourceDate "2024.10.14"]
[SourceVersion "1"]
[SourceVersionDate "2024.10.14"]
[SourceQuality "1"]

1. e4 e6 2. d4 d5 3. Nc3 Nf6 4. Bg5 dxe4 5. Nxe4 Be7 6. Bxf6 gxf6 7. g3 Bd7 8. Bg2 Bc6 9. Kf1 Bb5+ 10. Ne2 f5 11. N4c3 Bc6 12. d5 exd5 13. Nxd5 Bxd5 14. Bxd5 c6 15. Bc4 Qxd1+ 16. Rxd1 Bf6 17. c3 Nd7 18. Bxf7+ Ke7 19. Bb3 Nc5 20. Bc2 Ne4 21. Nd4 Bxd4 22. Rxd4 c5 23. Rd5 Rhf8 24. Bxe4 fxe4 25. Re5+ Kd6 26. Rxe4 Rf3 27. Kg2 Raf8 28. Rd1+ Kc6 29. Rd2 a5 30. Re6+ Kb5 31. Re7 R8f7 32. Rxb7+ Rxb7 33. Kxf3 Rf7+ 34. Kg4 1-0

[Event "Bamberg op 6th"]
[Site "Bamberg"]
[Date "2024.09.05"]
[Round "2"]
[White "Donath, Frank Thomas"]
[Black "Yelisieiev, Yevhenii"]
[Result "0-1"]
[WhiteElo "2007"]
[BlackElo "2408"]
[PlyCount "29"]
[EventDate "2024.09.04"]
[EventType "swiss"]
[EventRounds "7"]
[EventCountry "GER"]
[SourceTitle "EXT 2025"]
[Source "ChessBase"]
[SourceDate "2024.10.14"]
[SourceVersion "1"]
[SourceVersionDate "2024.10.14"]
[SourceQuality "1"]

1. d4 d5 2. c4 e6 3. Nc3 Bb4 4. cxd5 exd5 5. Nf3 Nf6 6. Bf4 c5 7. dxc5 Nc6 8. a3 Bxc3+ 9. bxc3 Qa5 10. Qb3 Ne4 11. Rc1 Nxc5 12. Qb2 Bf5 13. Be3 0-0 14. g3 Rfe8 15. Bg2 0-1

[Event "Bamberg op 6th"]
[Site "Bamberg"]
[Date "2024.09.04"]
[Round "1"]
[White "Ploder, Udo"]
[Black "Donath, Frank Thomas"]
[Result "0-1"]
[WhiteElo "1914"]
[BlackElo "2007"]
[PlyCount "76"]
[EventDate "2024.09.04"]
[EventType "swiss"]
[EventRounds "7"]
[EventCountry "GER"]
[SourceTitle "EXT 2025"]
[Source "ChessBase"]
[SourceDate "2024.10.14"]
[SourceVersion "1"]
[SourceVersionDate "2024.10.14"]
[SourceQuality "1"]

1. e4 c6 2. d4 d5 3. e5 c5 4. dxc5 e6 5. a3 Bxc5 6. b4 Be7 7. Nf3 a5 8. b5 a4 9. c4 dxc4 10. Qxd8+ Bxd8 11. Bxc4 b6 12. 0-0 Bb7 13. Bb2 Nd7 14. Nbd2 Ne7 15. Rfe1 Nc5 16. Ng5 Nf5 17. Nge4 Be7 18. Nxc5 Bxc5 19. Ne4 Bxe4 20. Rxe4 Ke7 21. g4 Nh4 22. Kf1 Rhd8 23. Ke2 h6 24. Bd3 Bxf2 25. Bc2 Bc5 26. Bxa4 Ra5 27. Bc3 Ra7 28. Bc2 Rxa3 29. Rxa3 Bxa3 30. Ra4 Bc5 31. Be4 g5 32. Ra7+ Kf8 33. Rc7 Bg1 34. Rb7 Kg7 35. Bc6 Ng6 36. Bd7 Kg8 37. Kf1 Bxh2 38. Bd4 Nxe5 0-1

[Event "Serpiano op"]
[Site "Serpiano"]
[Date "2024.04.07"]
[Round "4"]
[White "Donath, Frank Thomas"]
[Black "Paleologu, Vladimir"]
[Result "1-0"]
[WhiteElo "2068"]
[BlackElo "1998"]
[PlyCount "63"]
[EventDate "2024.04.05"]
[EventType "swiss"]
[EventRounds "5"]
[EventCountry "SUI"]
[SourceTitle "CBM 219 Extra"]
[Source "ChessBase"]
[SourceDate "2024.05.31"]
[SourceVersion "1"]
[SourceVersionDate "2024.05.31"]
[SourceQuality "1"]

1. d4 d6 2. e4 Nf6 3. Nc3 Nbd7 4. Be3 e5 5. f3 c6 6. Qd2 Qc7 7. 0-0-0 a6 8. g4 h6 9. h4 b5 10. Kb1 Nb6 11. Ka1 Be7 12. Rh2 b4 13. Nb1 c5 14. d5 a5 15. g5 Ng8 16. Qg2 h5 17. f4 Bg4 18. Be2 Nc4 19. Bc1 Qd7 20. f5 Bxe2 21. Nxe2 Bd8 22. Ng3 Ne7 23. Qe2 Nb6 24. Nxh5 Kf8 25. f6 gxf6 26. Nxf6 Qc7 27. Rf1 Ng8 28. Ng4 Ra7 29. h5 Ke8 30. Rhf2 Rxh5 31. Nxe5 Rh7 32. g6 1-0